Word Ladder: Skyfall Plot Spoiler Quiz Stats

 Plays Quiz Updated Mar 21, 2018

Challenge
Share
Tweet
Embed
Score 0/28 Timer 03:00
3 Plays Today
♚ CLUE ♚ ♚ WORD ♚ % Correct
What flexible things doBEND
97.5%
Affleck, Hur, and Franklin, e.g.BENS
92.4%
♚ AND ____ THERE WERE NONE ♚♚ THEN ♚
92.3%
WagersBETS
91.8%
♚ SWEET ____ ALABAMA ♚♚ HOME ♚
91.7%
♚ POP ____ THE WEASEL ♚♚ GOES ♚
91.3%
♚ OBTAINS ♚♚ GETS ♚
90.6%
There are five on a footTOES
89.5%
AdolescentTEEN
88.5%
Welcoming rugsMATS
88%
Golfers pegsTEES
87.7%
It wasn't built in a dayROME
86.8%
Kwik-E-____MART
86.4%
LeBlanc of 'Friends'MATT
86.1%
♚ CLUE ♚ ♚ WORD ♚ % Correct
Mobsters 'heaters'GATS
81.9%
♚ A ____ IN THE DARK ♚♚ SHOT ♚
81.5%
♚ IT COULD BE COVALENT OR IONIC ♚♚ BOND ♚
79.9%
Comparison wordTHAN
77.5%
Look for bargainsSHOP
76.8%
Terry cloth garmentROBE
73%
Santa's smudgeSOOT
71.2%
BurglesROBS
70.4%
Like an irrelevant pointMOOT
68.9%
A large number or amountGOBS
66.5%
American publisher, ____ ZuckermanMORT
66.3%
Inscrutable detective Charlie ____CHAN
66.1%
BlokeCHAP
64%
Chinese monogramCHOP
57.9%

Today's Daily Dose

You're not logged in!

Compare scores with friends on all Sporcle quizzes.
OR
Log In

You Might Also Like...

Show Comments

Extras

Top Quizzes Today


Score Distribution

Your Account Isn't Verified!

In order to create a playlist on Sporcle, you need to verify the email address you used during registration. Go to your Sporcle Settings to finish the process.

Report this User

Report this user for behavior that violates our Community Guidelines.

Details: